000 01291ny a22002533n 4500
005 20240305165311.0
008 100324s2007 pe b 000 0 spa
010 _a2008445667
020 _a9789972224645
035 _a4870
040 _aDLC
_cDLC
_dvLex
090 _c64
_d64
100 1 _aBlancas Bustamante, Carlos
245 1 3 _aEl acoso moral en la relación de trabajo
_h[Recurso electrónico]
_cCarlos Blancas Bustamante
256 _aServicio en línea
260 _aLima, Perú :
_bPalestra Editores,
_c2007
506 1 _aContenido solo disponible en los productos indicados
_dvLex Global
_dvLex Global (Academic Edition, excluding Law Schools)
_dvLex Global (U.S. Academic Edition, Law Schools)
_dvLex Global (U.S. Academic Edition, excluding Law Schools)
_dvLex Global (Academic Edition, Law Schools)
520 _aSe analiza el tema del "mobbing" o acoso moral, que es la conducta hostil a través de tratos abusivos o humillantes hacia los trabajadores, de manera sistemática y continuada. Se desarrolla los motivos y clases de acoso moral
650 0 4 _aAcoso en el lugar de trabajo
_xPublicaciones periódicas
650 0 4 _aTrabajo
_xAspecto psicológico
740 0 _avLex Libros (Servicios en línea)
856 4 0 _uhttps://app.vlex.com/#/sources/4870
942 _cRAA
999 _c158604
_d158604